| 000 | 01144nam0a22002531 4500 | ||
|---|---|---|---|
| 001 | rc\54139 | ||
| 005 | 20250620195217.0 | ||
| 035 | _a(NLR Aleph) 005396533 | ||
| 090 |
_a7232446 _c7232446 |
||
| 100 | _a20021216d1994 |||y0rusy50 ca | ||
| 101 | 0 | _arus | |
| 102 | _aRU | ||
| 105 | _aa ||||||||| | ||
| 200 | 1 |
_aОПРЕДЕЛЕНИЯ внутрибольничных инфекций _f[J.S. Garner, W.R. Jarvis, T.G. Emori _gПер. с англ. и науч. ред. проф. В.В. Малеева, к. м. н. Н.С. Прямухиной] |
|
| 210 |
_aМ. _cБ. и. _d1994 |
||
| 215 |
_a23 с. _cил. _d21 |
||
| 225 | 1 |
_aЗдоровье населения и среда обитания _e3H и CO _eЕжекварт. _e(Аналитические обзоры) _fГос. ком. сан.-эпидемиол. надзора Рос. Федерации. Рос. респ. информ.-аналит. центр _v№ 1 |
|
| 701 | 1 |
_aCarner _bJ.S. _gJulia S. |
|
| 702 | 1 |
_aМалеев _bВ.В. _gВиктор Васильевич _4340 |
|
| 801 | 0 |
_aRU _bNLR _gpsbo |
|
| 801 | 1 |
_aRU _bELAR _2rusmarc |
|
| 852 |
_aNLR _jП16/1710 |
||
| 942 | _cBOOK | ||
| 980 | _aNB | ||